000 00460nam a22001697a 4500
005 20260330144015.0
008 260330b |||||||| |||| 00| 0 eng d
020 _a9788126938018
041 _aeng
082 _a174.4
_bMED B22772
100 _aMedicharla P
_9217460
245 _aThe Conscientious Manager:
_bNurturing Workplace Ethics and Synergies
260 _aNew Delhi
_bAtlantic
_c2024
300 _a258p
500 _aBusiness Ethics
942 _cBK
999 _c370818
_d370818